000 00430nam a22001097a 4500
082 _a294
100 _aसालगावकर,जयराज जयंत
_983398
245 _aचैतन्‍य गुरू गोरखनाथ और नाथ सिद्ध परंपरा
260 _aनयी दिल्‍ली
_bकौटिल्‍य बुक्‍स
_c2025
650 _aधर्म
942 _cHIN
999 _c68286
_d68286